Making connections : (Record no. 14713)
[ view plain ]
| 000 -LEADER | |
|---|---|
| fixed length control field | 01682nam a22003375a 4500 |
| 003 - CONTROL NUMBER IDENTIFIER | |
| control field | EG-ScBUE |
| 005 - DATE AND TIME OF LATEST TRANSACTION | |
| control field | 20220621104849.0 |
| 008 - FIXED-LENGTH DATA ELEMENTS--GENERAL INFORMATION | |
| fixed length control field | 100926s2010 enka f b 001 0 eng d |
| 020 ## - INTERNATIONAL STANDARD BOOK NUMBER | |
| International Standard Book Number | 9780521542845 (Student's Book) |
| 040 ## - CATALOGING SOURCE | |
| Original cataloging agency | EG-ScBUE |
| Language of cataloging | eng |
| Description conventions | rda |
| Transcribing agency | EG-ScBUE |
| Modifying agency | EG-ScBUE |
| 082 04 - DEWEY DECIMAL CLASSIFICATION NUMBER | |
| Classification number | 428.40711 |
| Item number | PAK |
| Edition number | 22 |
| 100 1# - MAIN ENTRY--PERSONAL NAME | |
| Personal name | Pakenham, Kenneth J., |
| Relator term | author. |
| 9 (RLIN) | 19905 |
| 245 10 - TITLE STATEMENT | |
| Title | Making connections : |
| Remainder of title | a strategic approach to academic reading : High intermediate / |
| Statement of responsibility, etc | Kenneth J. Pakenham. |
| 250 ## - EDITION STATEMENT | |
| Edition statement | Second edition. |
| 250 ## - EDITION STATEMENT | |
| Edition statement | Seventeen printing. |
| 264 #1 - PUBLICATION, DISTRIBUTION, ETC. (IMPRINT) | |
| Place of publication, distribution, etc | Cambridge : |
| Name of publisher, distributor, etc | Cambridge University Press, |
| Date of publication, distribution, etc | 2010. |
| 300 ## - PHYSICAL DESCRIPTION | |
| Extent | xiii, 274 pages : |
| Other physical details | illustrations ; |
| Dimensions | 26 cm |
| 336 ## - CONTENT TYPE | |
| Source | rdacontent |
| Content type term | text |
| Content type code | txt |
| 337 ## - MEDIA TYPE | |
| Source | rdamedia |
| Media type term | unmediated |
| Media type code | n |
| 338 ## - CARRIER TYPE | |
| Source | rdacarrier |
| Carrier type term | volume |
| Carrier type code | nc |
| 504 ## - BIBLIOGRAPHY, ETC. NOTE | |
| Bibliography, etc | Includes bibliographical references and index. |
| 520 ## - SUMMARY, ETC. | |
| Summary, etc | Twelve reading skills and strategies sections give students insight into how academic text is organised and how to read effectively. Featuring four high-interest thematic units, each with multiple readings on the theme, and a strong vocabulary development program running throughout the book. With exercises and a Teacher's Manual with answers. Suitable for self-study, building vocabulary, and developing reading skills. |
| 650 #7 - SUBJECT ADDED ENTRY--TOPICAL TERM | |
| Topical term or geographic name as entry element | English language |
| Form subdivision | Textbooks for foreign speakers. |
| Source of heading or term | BUEsh |
| 9 (RLIN) | 13993 |
| 650 #7 - SUBJECT ADDED ENTRY--TOPICAL TERM | |
| Topical term or geographic name as entry element | Reading (Higher education) |
| Form subdivision | Problems, exercises, etc. |
| Source of heading or term | BUEsh |
| 9 (RLIN) | 1109 |
| 650 #7 - SUBJECT ADDED ENTRY--TOPICAL TERM | |
| Topical term or geographic name as entry element | Reading Comprehension |
| Form subdivision | Problems, exercises, etc. |
| Source of heading or term | BUEsh |
| 9 (RLIN) | 2827 |
| 650 #7 - SUBJECT ADDED ENTRY--TOPICAL TERM | |
| Topical term or geographic name as entry element | College readers. |
| Source of heading or term | BUEsh |
| 651 ## - SUBJECT ADDED ENTRY--GEOGRAPHIC NAME | |
| Source of heading or term | BUEsh |
| 653 ## - INDEX TERM--UNCONTROLLED | |
| Resource For college | Humanities: English |
| Arrived date list | October2018 |
| 655 ## - INDEX TERM--GENRE/FORM | |
| Form subdivision | Reading book |
| 9 (RLIN) | 34232 |
| 942 ## - ADDED ENTRY ELEMENTS (KOHA) | |
| Source of classification or shelving scheme | Dewey Decimal Classification |
| Koha item type | Book - Borrowing |
| Withdrawn status | Lost status | Source of classification or shelving scheme | Damaged status | Not for loan | Collection code | Home library | Current library | Shelving location | Date acquired | Source of acquisition | Total Checkouts | Full call number | Barcode | Date last seen | Date checked out | Price effective from | Koha item type | Total Renewals |
|---|---|---|---|---|---|---|---|---|---|---|---|---|---|---|---|---|---|---|
| Dewey Decimal Classification | Baccah | Central Library | Central Library | Second Floor | 26/09/2010 | 1 | 428.40711 PAK | 000022064 | 15/07/2025 | 26/09/2010 | 26/09/2010 | Book - Borrowing | ||||||
| Dewey Decimal Classification | Baccah | Central Library | Central Library | Second Floor | 26/09/2010 | 428.40711 PAK | 000022072 | 15/07/2025 | 26/09/2010 | Book - Borrowing | ||||||||
| Dewey Decimal Classification | Baccah | Central Library | Central Library | Second Floor | 26/09/2010 | 1 | 428.40711 PAK | 000022071 | 15/07/2025 | 20/06/2011 | 26/09/2010 | Book - Borrowing | ||||||
| Dewey Decimal Classification | Baccah | Central Library | Central Library | Second Floor | 26/09/2010 | 428.40711 PAK | 000022073 | 15/07/2025 | 26/09/2010 | Book - Borrowing | ||||||||
| Dewey Decimal Classification | Baccah | Central Library | Central Library | Second Floor | 26/09/2010 | 1 | 428.40711 PAK | 000022107 | 15/07/2025 | 10/02/2011 | 26/09/2010 | Book - Borrowing | ||||||
| Dewey Decimal Classification | Baccah | Central Library | Central Library | Second Floor | 26/09/2010 | 428.40711 PAK | 000022106 | 15/07/2025 | 26/09/2010 | Book - Borrowing | ||||||||
| Dewey Decimal Classification | Baccah | Central Library | Central Library | Second Floor | 26/09/2010 | 1 | 428.40711 PAK | 000022108 | 15/07/2025 | 08/07/2014 | 26/09/2010 | Book - Borrowing | ||||||
| Dewey Decimal Classification | Baccah | Central Library | Central Library | Second Floor | 26/09/2010 | 1 | 428.40711 PAK | 000022104 | 15/07/2025 | 28/09/2010 | 26/09/2010 | Book - Borrowing | ||||||
| Dewey Decimal Classification | Baccah | Central Library | Central Library | Second Floor | 26/09/2010 | 2 | 428.40711 PAK | 000022103 | 15/07/2025 | 16/05/2011 | 26/09/2010 | Book - Borrowing | ||||||
| Dewey Decimal Classification | Central Library | Central Library | Second Floor | 26/09/2010 | 1 | 428.40711 PAK | 000022102 | 15/07/2025 | 09/02/2011 | 26/09/2010 | Book - Borrowing | 1 | ||||||
| Dewey Decimal Classification | Baccah | Central Library | Central Library | Second Floor | 26/09/2010 | 2 | 428.40711 PAK | 000022101 | 15/07/2025 | 07/10/2013 | 26/09/2010 | Book - Borrowing | 4 | |||||
| Dewey Decimal Classification | Baccah | Central Library | Central Library | Second Floor | 26/09/2010 | 2 | 428.40711 PAK | 000022100 | 15/07/2025 | 05/02/2013 | 26/09/2010 | Book - Borrowing | 2 | |||||
| Dewey Decimal Classification | Baccah | Central Library | Central Library | Second Floor | 26/09/2010 | 428.40711 PAK | 000022099 | 15/07/2025 | 26/09/2010 | Book - Borrowing | ||||||||
| Dewey Decimal Classification | Baccah | Central Library | Central Library | Second Floor | 26/09/2010 | 428.40711 PAK | 000022098 | 15/07/2025 | 26/09/2010 | Book - Borrowing | ||||||||
| Dewey Decimal Classification | Baccah | Central Library | Central Library | Second Floor | 26/09/2010 | 428.40711 PAK | 000022096 | 15/07/2025 | 26/09/2010 | Book - Borrowing |